Giáo trình máy tính và mạng máy tính

Nội dung sách trình bày tổng quan hệ thống máy tính, kiến trúc CPU, bộ nhớ và các thiết bị ngoại vi của máy tính. Giới thiệu về mạng máy tính và internet, ứng dụng mạng, lớp truyền tải, lớp mạng và các phương pháp định tuyến, mạng cục bộ...

Descripció completa

Guardat en:
Dades bibliogràfiques
Autor principal: Phạm Ngọc Thắng (Chủ biên)
Altres autors: Nguyễn Tiến Dũng
Format: Llibre
Idioma:Vietnamese
Publicat: H. Giáo dục 2013
Matèries:
Etiquetes: Afegir etiqueta
Sense etiquetes, Sigues el primer a etiquetar aquest registre!
Thư viện lưu trữ: Thư viện Trường Đại học Nam Cần Thơ
LEADER 01182nam a22002057a 4500
001 NCT_92284
008 211118b xxu||||| |||| 00| 0 vie d
999 |c 4561  |d 4561 
020 |c 111000 
082 0 4 |2 23rd ed.  |a 004  |b Th116 
100 1 |a Phạm Ngọc Thắng  |e Chủ biên 
245 1 0 |a Giáo trình máy tính và mạng máy tính  |c Phạm Ngọc Thắng (Chủ biên); Nguyễn Tiến Dũng 
260 |a H.  |b Giáo dục  |c 2013 
300 |a 397 tr.  |b Minh họa  |c 24cm 
520 3 |a Nội dung sách trình bày tổng quan hệ thống máy tính, kiến trúc CPU, bộ nhớ và các thiết bị ngoại vi của máy tính. Giới thiệu về mạng máy tính và internet, ứng dụng mạng, lớp truyền tải, lớp mạng và các phương pháp định tuyến, mạng cục bộ. 
653 |a Công nghệ thông tin 
700 1 |a Nguyễn Tiến Dũng 
942 |2 ddc  |c BK 
952 |0 0  |1 0  |2 ddc  |4 0  |6 004_000000000000000_TH116  |7 0  |9 21659  |a 000001  |b 000001  |d 2021-11-18  |o 004 Th116  |p MD.19034  |r 2021-11-18  |v 111000.00  |w 2021-11-18  |y BK 
980 |a Thư viện Trường Đại học Nam Cần Thơ